| 000 | 01229nam a2200325 4500 | ||
|---|---|---|---|
| 001 | 0000018667 | ||
| 003 | CO-CtgCURN | ||
| 005 | 20250329191008.0 | ||
| 007 | ta | ||
| 008 | 160627s1999 000 0 eng d | ||
| 020 | _a9701024656 | ||
| 040 |
_aCO-CtgCURN _bspa _ccoctgcurn |
||
| 082 | 0 |
_a658.15 _bB12f |
|
| 100 | 1 | _aBaca Urbina, Gabriel. | |
| 245 | 1 | 0 |
_aFundamentos de ingenieria economica / _cGabriel Baca Urbina , revision tecnica Lourdes Arellano Bolio. |
| 250 | _a2a ed. | ||
| 260 |
_aMexico : _bMcGraw-Hill, _c1999. |
||
| 300 | _aix, 390 p. | ||
| 336 | _2rdacontent | ||
| 337 |
_2rdamedia _asin mediacion _bn |
||
| 338 |
_2rdacarrier _avolumen _bnc |
||
| 505 | 8 | _aGeneralidades de la ingenieria economica.--Conceptos basicos y equivalencia del dinero a traves del tiempo.--La inflacion en la ingenieria economica.--Aplicacion practica de la ingenieria economica | |
| 650 | 1 | 4 | _aIngenieria industrial. |
| 700 | 1 | _aArellano Bolio, Lourdes. | |
| 908 | _a160627 | ||
| 942 |
_cBK _h658.15 _iB12f _2ddc |
||
| 999 |
_c10616 _d10616 |
||